A Carta constitucional de 1824: (Registro n. 758)

Detalhes MARC
000 -LÍDER
campo de controle de tamanho fixo 00831nam a22001937a 4500
003 - IDENTIFICADOR DO NÚMERO DE CONTROLE
campo de controle BR-ViAPE
005 - DATA E HORÁRIO DA ÚLTIMA TRANSAÇÃO
campo de controle 20260602125409.0
008 - CAMPO DE DADOS FIXOS--INFORMAÇÃO GERAL
campo de controle de tamanho fixo 260602s1923 por gs|||| 000 0 por d
040 ## - FONTE DA CATALOGAÇÃO
Instituição que transcreveu o registro BR-ViAPE
100 ## - ENTRADA PRINCIPAL--NOME PESSOAL
Nome pessoal Wanderley, José de Barros
245 ## - TÍTULO
Título A Carta constitucional de 1824:
Restante do título ideias nela dominantes
260 ## - PUBLICAÇÃO, DISTRIBUIÇÃO, ETC.
Local de publicação, distribuição, etc. Vitória
Nome do editor, distribuidor, etc. Officinas da Imprensa Estadoal
Data da publicação, distribuição, etc. 1923
300 ## - DESCRIÇÃO FÍSICA
Extensão 82 p.
Outros detalhes físicos Documento digitalizado (PDF)
500 ## - NOTA GERAL
Nota geral Documento digitalizado do acervo institucional do Arquivo Público do Estado do Espírito Santo - APEES.
650 ## - ASSUNTO--TERMO TÓPICO
Cabeçalho tópico ou nome geográfico História
Subdivisão geral Constituição
651 ## - ASSUNTO—LOCAIS GEOGRÁFICOS E HISTÓRICOS
Nome geográfico Espírito Santo (Brasil)
856 ## - LOCALIZAÇÃO ELETRÔNICA E ACESSO
Uniform Resource Identifier <a href="https://ape.es.gov.br/Media/ape/PDF/Livros/Livros_Historicos/Obras_raras/seculo_XIX/APEES_OR_a_carta_Constitucional_de_1824.pdf">https://ape.es.gov.br/Media/ape/PDF/Livros/Livros_Historicos/Obras_raras/seculo_XIX/APEES_OR_a_carta_Constitucional_de_1824.pdf</a>
Texto de ligação CLIQUE AQUI PARA ACESSAR O DOCUMENTO
942 ## - ELEMENTOS DE ENTRADA ADICIONADOS (KOHA)
Fonte da classificação ou esquema de arquivamento na estante Dewey Decimal Classification
Tipo de material Koha Obras Raras
Ocultar no OPAC Yes
Exemplares
Status de descarte Fonte da classificação ou esquema de arquivamento na estante Status físico Não pode ser emprestado Biblioteca de origem Biblioteca atual Data de aquisição Total de empréstimos Data de último acesso Preço efetivo de Tipo de material Koha
  Dewey Decimal Classification     Biblioteca do Arquivo Público do Estado do Espírito Santo Biblioteca do Arquivo Público do Estado do Espírito Santo 06/02/2026   06/02/2026 06/02/2026 Obras Raras